000 00910nam a2200277 a 4500
003 MX-MxUPN
005 20241001063902.0
008 991125s1924 mx gr 000 0 spa d
035 _aUPN01000035871
040 _aMX-MxUPN
_bspa
_cMX-MxUPN
041 _aspa
050 4 _aPK1723
_bL8.6
100 1 _aTagore, Rabindranath,
_d1861-1941
_943006
245 1 3 _aLa luna nueva ;
_bNacionalismo ; Personalidad ; Sadhana
260 _a[México] :
_bUniversidad Nacional de México,
_c1924.
300 _a456 páginas
650 0 _aLiteratura índica
_912715
710 2 _928505
_aInstituto Federal de Capacitación del Magisterio (México)
_epropietario anterior
710 2 _aInstituto Nacional de Pedagogía (México)
_epropietario anterior
_928088
740 0 2 _aSadhana
740 0 2 _aPersonalidad
740 0 2 _a Nacionalismo
902 _bMaríaRobles/200824
905 _aLibro
942 _2lcc
_cLIBRO
_n0
999 _c35871
_d35871